| 000 | 00468nam a22001817a 4500 | ||
|---|---|---|---|
| 003 | CEME | ||
| 005 | 20210628203242.0 | ||
| 008 | 210302b xxu||||| |||| 00| 0 eng d | ||
| 020 | _a0-8031-1460-5 | ||
| 040 | _c. | ||
| 082 | _a615.9 AQU | ||
| 100 |
_aAquatic Toxicology And Risk Assessment:, Thirteenth Volume _964287 |
||
| 245 | _aMayes, m.a, barron, m.g | ||
| 260 |
_aUSA _bASTM _c1991 |
||
| 300 | _a378P | ||
| 650 |
_aRISK ASSESSMENT: _91890 |
||
| 942 |
_cBK _2ddc |
||
| 999 |
_c572830 _d572830 |
||